| 000 | 00571nam a22001577a 4500 | ||
|---|---|---|---|
| 003 | 0 | ||
| 005 | 20231107100458.0 | ||
| 008 | 230701b xxu||||| |||| 00| 0 eng d | ||
| 050 |
_aRC 565 _b.Ji61 2022 |
||
| 100 | _aJiwatramani, Vianne Monica M. | ||
| 245 |
_aSelf sufficiency and emotion regulation among women employees in male dominated industries _cJiwatramani, Vianne Monica M. |
||
| 260 |
_aLas PiƱas City _bSouthville International School and Colleges _cC2022 |
||
| 300 |
_ax, 147pp. _c28cm. |
||
| 500 | _aEmotion regulation-women employees. | ||
| 942 |
_2lcc _cTH |
||
| 999 |
_c365105 _d365105 |
||